000 01470cam a2200361 4500
001 5993
005 20230706143354.0
008 230706b |||||||| |||| 00| 0 eng d
010 _a2016944764
020 _a9780751565355
100 1 _aRowling, J. K.
245 1 0 _aHarry Potter and the cursed child.
_nParts one and two /
_cJ.K. Rowling.
_bBook VIII
246 3 _aHarry Potter & the cursed child
250 _aFirst edition
250 _aSpecial rehearsal edition
264 1 _aNew York, NY :
_bWizarding world,
_c2016.
300 _avii, 343 pages ;
_c24 cm
336 _atext
_btxt
_2rdacontent
337 _aunmediated
_bn
_2rdamedia
338 _avolume
_bnc
_2rdacarrier
500 _a""Based on an original new story by J.K. Rowling, John Tiffany & Jack Thorne.""
500 _a""First produced by Sonia Friedman Productions, Colin Callender & Harry Potter Theatrical Productions.""
500 _a""The official script of the original West End production.""
520 _aAs an overworked employee of the Ministry of Magic, a husband, and a father, Harry Potter struggles with a past that refuses to stay where it belongs while his youngest son, Albus, finds the weight of the family legacy difficult to bear
600 1 0 _aPotter, Harry
_vDrama
650 0 _aGood and evil
_vDrama
650 0 _aMagic
_vDrama
655 7 _aDrama.
655 7 _aFantasy drama.
655 7 _aWorks.
700 1 _aTiffany, John,
_d1971-
_ecreator
942 _2ddc
_cFIC
999 _c5066
_d5066